| Tag |
First Indicator |
Second Indicator |
Subfields |
| LEADER |
00000cam a22000001 4500 |
| 001 |
in00000098823 |
| 005 |
20150926125526.0 |
| 008 |
721213s1962 nyua 00000 eng |
| 010 |
|
|
|a 62019074
|
| 035 |
|
|
|a (OCoLC)00414374
|
| 035 |
|
|
|9 AAL3499AM
|
| 040 |
|
|
|a DLC
|c DLC
|d TXA
|d UtOrBLW
|
| 043 |
|
|
|a n-us---
|
| 049 |
|
|
|a TXAM
|c [913324]
|
| 050 |
0 |
0 |
|a TL789.8.U6
|b M59
|
| 082 |
0 |
|
|a 629.45
|
| 245 |
0 |
0 |
|a We seven /
|c by the astronauts themselves: M. Scott Carpenter [and others].
|
| 264 |
|
1 |
|a New York :
|b Simon and Schuster,
|c 1962.
|
| 300 |
|
|
|a 352 pages :
|b illustrations ;
|c 25 cm.
|
| 336 |
|
|
|a text
|b txt
|2 rdacontent
|
| 337 |
|
|
|a unmediated
|b n
|2 rdamedia
|
| 338 |
|
|
|a volume
|b nc
|2 rdacarrier
|
| 610 |
2 |
0 |
|a Project Mercury (U.S.)
|
| 650 |
|
0 |
|a Astronauts
|z United States.
|
| 700 |
1 |
|
|a Carpenter, M. Scott
|q (Malcolm Scott),
|d 1925-2013.
|
| 999 |
|
|
|a MARS
|
| 999 |
f |
f |
|s 3edc5210-0d48-3489-8290-034f6b9a7c5e
|i b2efc051-fefd-3f30-a368-da9bdad509a7
|t 0
|
| 952 |
f |
f |
|p normal
|a Texas A&M University
|b College Station
|c Sterling C. Evans Library
|d Evans: Library Stacks
|t 0
|e TL789.8.U6 M59
|h Library of Congress classification
|i unmediated -- volume
|m A14805556752
|
| 952 |
f |
f |
|p normal
|a Texas A&M University
|b Galveston Campus
|c Jack K. Williams Library
|d Galveston Stacks
|t 0
|e TL789.8.U6 M59
|h Library of Congress classification
|i unmediated -- volume
|m 33620000632154
|
| 998 |
f |
f |
|a TL789.8.U6 M59
|t 0
|l Evans: Library Stacks
|
| 998 |
f |
f |
|a TL789.8.U6 M59
|t 0
|l Galveston Stacks
|